000 00210 a2200097 4500
001 32708
100 _aGIG, Silone, D
245 _aBeniamino Gigli
260 _aLondon
_bCassell & Co
_c
090 _c21908
_d21908
942 _aNUST-CAE
_cM
_c13234
999 _c267781
_d267781